Music Quiz

Random Music Quiz

Gives You Hell lyrics Quiz Stats

 Plays Quiz not verified by Sporcle

Support Sporcle.
Go Orange.
Score 0/289 Timer 10:00
0 Plays Today
Answer % Correct
I
99.7%
I
99.7%
I
99.7%
I
99.7%
I
99.7%
a
99%
a
99%
a
99%
a
99%
a
99%
a
99%
a
99%
a
99%
you
98.9%
you
98.9%
you
98.9%
you
98.9%
you
98.9%
you
98.9%
you
98.9%
You
98.9%
you
98.9%
you
98.9%
you
98.9%
you
98.9%
you
98.9%
you
98.9%
you
98.9%
you
98.9%
you
98.9%
you
98.9%
you
98.9%
you
98.9%
you
98.9%
you
98.9%
you
98.9%
you
98.9%
you
98.9%
you
98.9%
you
98.9%
You
98.9%
you
98.9%
you
98.9%
my
98.7%
my
98.7%
my
98.7%
it
98.6%
it
98.6%
it
98.6%
it
98.6%
it
98.6%
it
98.6%
it
98.6%
it
98.6%
it
98.6%
it
98.6%
it
98.6%
it
98.6%
it
98.6%
face
98.4%
face
98.4%
gives
98.3%
gives
98.3%
gives
98.3%
gives
98.3%
gives
98.3%
gives
98.3%
gives
98.3%
he
98.3%
gives
98.3%
see
98.1%
hell
98.1%
hell
98.1%
hell
98.1%
hell
98.1%
hell
98.1%
hell
98.1%
hell
98.1%
hell
98.1%
hell
98.1%
hell
98.1%
see
98.1%
and
98%
And
98%
hope
98%
hope
98%
hope
98%
hope
98%
and
98%
and
98%
and
98%
and
98%
hope
98%
hope
98%
and
98%
hope
98%
hope
98%
Answer % Correct
hope
98%
And
98%
And
98%
and
98%
and
98%
hope
98%
And
98%
When
97.9%
When
97.9%
When
97.9%
When
97.9%
When
97.9%
(Chorus)
97.9%
(Chorus)
97.9%
(Chorus x2)
97.9%
on
97.6%
on
97.6%
on
97.6%
to
97.1%
give
97.1%
to
97.1%
to
97.1%
to
97.1%
your
97%
your
97%
your
97%
that
96.9%
that
96.9%
that
96.9%
that
96.9%
with
96.5%
with
96.5%
ever
96.4%
up
96.1%
wake
96%
smile
95.9%
never
95.9%
never
95.9%
never
95.9%
never
95.9%
never
95.9%
every
95.2%
big
95%
you're
94.9%
you're
94.9%
you're
94.9%
you're
94.9%
of
94.3%
evening
94.2%
out
93.5%
place
93.5%
way
92.9%
so
92.7%
so
92.7%
so
92.7%
walk
92.4%
working
90.8%
well
90.5%
well
90.5%
well
90.5%
well
90.5%
well
90.5%
well
90.5%
where
90.4%
the
90.4%
the
90.4%
Where
90.4%
the
90.4%
the
90.4%
be
90.3%
be
90.3%
be
90.3%
still
90.1%
9
89.9%
feels
89.8%
5
89.7%
how
89.7%
do
89.3%
probably
88.7%
at
88.5%
wonder
88.5%
I'm
88.2%
I'm
88.2%
did
87.8%
did
87.8%
no
87.8%
bad
87.2%
love
87.2%
love
87.2%
truth
86.6%
truth
86.6%
miss
86.4%
go
86.4%
tastes
85.9%
lying
85.9%
as
84.8%
as
84.8%
Answer % Correct
as
84.8%
told
84.6%
told
84.6%
car
84.4%
get
84.4%
me
84.4%
me
84.4%
me
84.4%
far
84.2%
fool
83.6%
fool
83.6%
fool
83.6%
where's
83.5%
where's
83.5%
just
83.5%
just
83.5%
just
83.5%
know
83%
pace
82.7%
are
82.7%
you'll
82.3%
you'll
82.3%
shiny
81.9%
treats
81.9%
treats
81.9%
man
81.3%
man
81.3%
he's
81.1%
he's
81.1%
fence
80.6%
find
80.6%
find
80.6%
in
80.3%
look
79.9%
look
79.9%
what
79.6%
can
78.9%
picket
78%
all
77.9%
all
77.9%
you've
77.9%
Then
77.2%
Then
77.2%
Then
77.2%
take
77.1%
that's
77%
that's
77%
Now
76.8%
Now
76.8%
damn
76.7%
damn
76.7%
done
76.3%
worth
75.9%
worth
75.9%
good
75.7%
seemed
75.3%
sad
75.3%
sad
75.3%
eyes
75%
hard
74.8%
back
74.7%
fall
74.1%
memories
74.1%
seen
73.6%
I've
72.7%
they're
72.6%
If
72.4%
If
72.4%
will
71.9%
wear
71.9%
tense
71.3%
but
71.1%
but
71.1%
hear
70.2%
hear
70.2%
lies
70.1%
this
69.8%
this
69.8%
song
69.6%
song
69.6%
sing
69.4%
sing
69.4%
along
68.4%
along
68.4%
wrong
67.7%
goes
67.3%
tell
65.5%
list
62.4%
here's
59.9%
thinking
58%
yourself
56.9%
can't
56.6%
Tomorrow
52.5%
puts
39.8%
through
39.7%

You're not logged in!

Compare scores with friends on all Sporcle quizzes.
OR
Log In

From the Vault

'Q' Words

by Booger

This is our attempt to you help with your Scrabble skills.
Remove Ads.
Support Sporcle.
Get the best of Sporcle when you Go Orange. This ad-free experience offers more features, more stats, and more fun while also helping to support Sporcle. Thank you for becoming a member.

Show Comments

Extras

Created Jan 26, 2016ReportNominate
Tags:All-American, hell, reject

Top Quizzes Today


Score Distribution

Your Account Isn't Verified!

In order to create a playlist on Sporcle, you need to verify the email address you used during registration. Go to your Sporcle Settings to finish the process.

Report this User

Report this user for behavior that violates our Community Guidelines.

Details: